Guess the Taylor Swift Song (no hints) 77 - Statistics

General Stats
  • This quiz has been taken 97 times
  • The average score is 305 of 411
Answer Stats
Answer % Correct
I
100%
the
100%
a
98%
and
98%
And
98%
me
98%
my
98%
in
97%
It
97%
it
97%
you
97%
you"
97%
You
97%
I'm
95%
to
95%
when
95%
all
94%
be
94%
ever
94%
he
94%
He
94%
on
94%
then,
94%
your
94%
go
92%
it's
92%
It's
92%
so
92%
So
92%
you're
92%
You're
92%
at
90%
by
90%
for
90%
like
90%
that
90%
up
90%
never
89%
"Never
89%
what
89%
But
87%
"Too
87%
been
85%
"Every
85%
every
85%
hear
85%
mine?
85%
eye
84%
"I've
84%
I've
84%
just
84%
of
84%
told
84%
was
84%
"Always
82%
her
82%
look
82%
"Look
82%
time,"
82%
time,
82%
time
82%
why"
82%
day
81%
said
81%
got
79%
had
79%
know
79%
get
77%
Now
77%
you'll
77%
away"
76%
away
76%
his
76%
see
76%
would
76%
will
74%
Oh,
73%
'Cause
71%
life"
71%
you'd
71%
heart"
69%
heart
69%
heart,
69%
"Here
69%
around
68%
baby
68%
right
68%
side"
68%
waiting
68%
Everything
66%
everything
66%
"Everything
66%
he's
66%
"Looked
66%
after
65%
Miss
65%
miss
65%
"Perfect
65%
place
65%
stay"
65%
Well,
65%
Hello
63%
fine"
61%
fine
61%
girl
61%
How's
61%
about
60%
breakin'
60%
cruel"
60%
even
60%
"Gonna
60%
Mr.
60%
"Perfectly
60%
perfectly
60%
takes
60%
alone, "
58%
breaking
58%
"Casually
58%
"Change
58%
cry"
58%
each
58%
face"
58%
okay
58%
single
58%
bad
56%
best
55%
doesn't
55%
goodbye
55%
Goodbye
55%
revolves
55%
fall
53%
goes
53%
last
53%
late"
53%
pickin'
53%
since
53%
apart
52%
name
52%
than
52%
thought
52%
arm
50%
"Leaves
50%
wonderful
50%
guy"
48%
"Misery"
48%
put
48%
same
48%
brand-new
47%
end,
47%
heard
47%
through
47%
eyes
45%
far
45%
really
45%
someday"
45%
someday
45%
'round
44%
until
44%
alright
42%
past
42%
room
42%
apology
40%
guess
40%
"Insincere
40%
maybe
40%
shame
40%
such
40%
suit
40%
feeling
39%
Forgets
39%
anything
37%
dignified
37%
rest
37%
seat
37%
seat,
37%
above
35%
might
35%
well-pressed
35%
different
34%
phased
34%
wins"
31%
sense
27%
smug,
27%
Sashay
24%
strategized,
24%
No matching quizzes found
Score Distribution
Percent of People with Each Score
Percentile by Number Answered
Your Score History
You have not taken this quiz